Statistiques concernant Quizlendrier de l'Avent #10 - Paroles - L'as-tu vu?

Cliquez ici pour prendre le quiz!

Statistiques générales

  • Ce quiz a été pris 93 fois
  • Le résultat moyen est 118 sur 156

Statistiques - réponses

Paroles% Correct
L'
99%
l'
99%
tu
99%
as-
98%
as
98%
vu,
98%
Noël,
90%
Père
90%
ce
85%
s'
85%
Il
83%
il
83%
la
83%
bonhomme
79%
bonhomme?
79%
bonhomme,
79%
petit
77%
au
76%
des
75%
appelle
73%
par
71%
pointu?
70%
cheminée,
69%
cheminée
69%
chapeau
65%
sa
64%
Sa
64%
est
62%
en
61%
du
57%
et
57%
hotte
57%
ciel.
56%
apporte
55%
joujoux,
54%
pour
54%
nous
52%
descendra
50%
pleine,
46%
pleine
46%
c'est
44%

Distribution des résultats

Percentile par nombre de réponses

% des personnes avec chaque résultat

Votre développement - résultats

Vous n’avez pas pris ce quiz